[Event "Deutscher Jugend Online Cup 2020"]
[Site "Tornelo"]
[Date "2020.11.14"]
[Round "9.6"]
[White "Buchinger, Alexis"]
[Black "Besou, Hussain"]
[Result "0-1"]
[WhiteElo "1496"]
[BlackElo "1804"]
[Annotator "NA"]
[PlyCount "70"]
[EventDate "2020.11.13"]
[EventType "k.o."]
[SourceTitle "playchess.com"]
[Source "ChessBase"]
[SourceQuality "1"]
[TimeControl "600+3"]

1. e4 {[%emt 0:00:00]} e5 {[%emt 0:00:09]} 2. Nf3 {[%emt 0:00:03]} Nc6 {[%emt 0:00:01]} 3. Bc4 {[%emt 0:00:02]} Nf6 {[%emt 0:00:02]} 4. d3 {[%emt 0:00:03]} h6 {[%emt 0:00:03]} 5. c3 {[%emt 0:00:03]} d6 {[%emt 0:00:02]} 6. O-O {[%emt 0:00:02]} g5 {[%emt 0:00:03]} 7. Qb3 {[%emt 0:00:10]} Qe7 {[%emt 0:00:07]} 8. Qc2 {[%emt 0:00:21]} g4 {[%emt 0:00:04]} 9. Ne1 {[%emt 0:00:06]} h5 {[%emt 0:00:07]} 10. Na3 {[%emt 0:00:14]} h4 {[%emt 0:00:03]} 11. Bg5 {[%emt 0:00:18]} Rh5 {[%emt 0:00:18]} 12. Bxf6 {[%emt 0:00:04]} Qxf6 {[%emt 0:00:04]} 13. f3 {[%emt 0:00:09]} g3 {[%emt 0:00:03]} 14. h3 {[%emt 0:00:04]} Bh6 {[%emt 0:00:07]} 15. Rd1 {[%emt 0:00:07]} Bd7 {[%emt 0:00:04]} 16. Qb3 {[%emt 0:00:11]} Na5 {[%emt 0:00:05]} 17. Qb4 {[%emt 0:00:12]} Nxc4 {[%emt 0:00:03]} 18. Qxc4 {[%emt 0:00:03]} a6 {[%emt 0:00:08]} 19. d4 {[%emt 0:00:02]} O-O-O {[%emt 0:00:15]} 20. dxe5 {[%emt 0:00:07]} Qxe5 {[%emt 0:00:12]} 21. Rd5 {[%emt 0:00:03]} Be3+ {[%emt 0:00:20]} 22. Kh1 {[%emt 0:00:03]} Be6 {[%emt 0:00:01]} 23. Rxe5 {[%emt 0:00:03]} Bxc4 {[%emt 0:00:02]} 24. Rxh5 {[%emt 0:00:15]} Bxf1 {[%emt 0:00:04]} 25. Rxh4 {[%emt 0:00:03]} d5 {[%emt 0:00:04]} 26. Nac2 {[%emt 0:00:07]} Bf2 {[%emt 0:00:03]} 27. Rf4 {[%emt 0:00:15]} dxe4 {[%emt 0:00:02]} 28. Rxe4 {[%emt 0:00:10]} Rd1 {[%emt 0:00:03]} 29. h4 {[%emt 0:00:11]} Bd3 {[%emt 0:00:06]} 30. Re7 {[%emt 0:00:28]} Bxc2 {[%emt 0:00:03]} 31. h5 {[%emt 0:00:06]} Rxe1+ {[%emt 0:00:02]} 32. Rxe1 {[%emt 0:00:03]} Bxe1 {[%emt 0:00:01]} 33. h6 {[%emt 0:00:01]} Kd7 {[%emt 0:00:04]} 34. Kg1 {[%emt 0:00:02]} Bf2+ {[%emt 0:00:02]} 35. Kf1 {[%emt 0:00:01]} Bd3# {[%emt 0:00:02]} 0-1

[Event "Deutscher Jugend Online Cup 2020"]
[Site "Tornelo"]
[Date "2020.11.14"]
[Round "9.7"]
[White "Albert, Markus"]
[Black "Bakiev, Diyor"]
[Result "0-1"]
[WhiteElo "1926"]
[BlackElo "2119"]
[Annotator "NA"]
[PlyCount "154"]
[EventDate "2020.11.13"]
[EventType "k.o."]
[SourceTitle "playchess.com"]
[Source "ChessBase"]
[SourceQuality "1"]
[TimeControl "600+3"]

1. e4 {[%emt 0:00:00]} c6 {[%emt 0:00:02]} 2. Nc3 {[%emt 0:00:04]} d5 {[%emt 0:00:01]} 3. Qf3 {[%emt 0:00:01]} dxe4 {[%emt 0:00:02]} 4. Nxe4 {[%emt 0:00:02]} Nd7 {[%emt 0:00:02]} 5. d4 {[%emt 0:00:06]} Ngf6 {[%emt 0:00:03]} 6. Bc4 {[%emt 0:00:02]} e6 {[%emt 0:00:02]} 7. c3 {[%emt 0:00:02]} Nxe4 {[%emt 0:00:36]} 8. Qxe4 {[%emt 0:00:02]} Nf6 {[%emt 0:00:02]} 9. Qe2 {[%emt 0:00:02]} Bd6 {[%emt 0:00:06]} 10. Nf3 {[%emt 0:00:10]} O-O {[%emt 0:00:07]} 11. Bg5 {[%emt 0:00:06]} h6 {[%emt 0:00:11]} 12. Bh4 {[%emt 0:00:16]} Be7 {[%emt 0:00:09]} 13. O-O-O {[%emt 0:00:17]} b5 {[%emt 0:00:10]} 14. Bd3 {[%emt 0:00:05]} Bb7 {[%emt 0:00:27]} 15. Rhg1 {[%emt 0:00:21]} Qd5 {[%emt 0:00:29]} 16. Kb1 {[%emt 0:00:36]} a5 {[%emt 0:00:28]} 17. g4 {[%emt 0:00:42]} g5 {[%emt 0:01:05]} 18. Bg3 {[%emt 0:00:14]} c5 {[%emt 0:00:25]} 19. Ne5 {[%emt 0:00:24]} cxd4 {[%emt 0:00:35]} 20. cxd4 {[%emt 0:00:20]} Kg7 {[%emt 0:00:27]} 21. h4 {[%emt 0:00:25]} Ne4 {[%emt 0:01:14]} 22. Bxb5 {[%emt 0:01:09]} (22. Bh2 $16) 22... Nxg3 {[%emt 0:01:27]} 23. Rxg3 {[%emt 0:00:39]} (23. fxg3 $11 Qe4+ 24. Qxe4 Bxe4+ 25. Bd3) 23... Qe4+ {[%emt 0:00:34]} 24. Qxe4 {[%emt 0:00:29]} Bxe4+ {[%emt 0:00:03]} 25. Ka1 {[%emt 0:00:01]} gxh4 {[%emt 0:00:03]} 26. Re3 {[%emt 0:00:03]} Bd5 {[%emt 0:00:08]} 27. Bc4 {[%emt 0:00:12]} Rfd8 {[%emt 0:00:10]} 28. Bf1 {[%emt 0:00:36]} Bg5 {[%emt 0:00:29]} 29. Ra3 {[%emt 0:00:23]} Bf6 {[%emt 0:00:41]} 30. Re3 {[%emt 0:01:03]} Rac8 {[%emt 0:00:11]} 31. Kb1 $19 {[%emt 0:00:15]} Bg5 {[%emt 0:00:10]} 32. Rc3 {[%emt 0:00:08]} Be4+ {[%emt 0:00:14]} 33. Ka1 {[%emt 0:00:08]} Rxc3 {[%emt 0:00:08]} 34. bxc3 {[%emt 0:00:02]} Bf6 {[%emt 0:00:01]} 35. Nc4 {[%emt 0:00:30]} a4 {[%emt 0:00:06]} 36. Kb2 {[%emt 0:00:08]} Rb8+ {[%emt 0:00:06]} 37. Ka1 {[%emt 0:00:27]} Bg5 {[%emt 0:00:12]} 38. Bd3 {[%emt 0:00:31]} Bf3 {[%emt 0:00:10]} 39. Rg1 {[%emt 0:00:19]} h3 {[%emt 0:00:01]} 40. Ne5 {[%emt 0:00:08]} Bd5 {[%emt 0:00:11]} 41. c4 {[%emt 0:00:07]} f6 {[%emt 0:00:01]} 42. cxd5 {[%emt 0:00:02]} fxe5 {[%emt 0:00:01]} 43. dxe6 {[%emt 0:00:11]} Bf6 {[%emt 0:00:04]} 44. a3 {[%emt 0:00:21]} e4 {[%emt 0:00:05]} 45. Bxe4 {[%emt 0:00:03]} Bxd4+ {[%emt 0:00:03]} 46. Ka2 {[%emt 0:00:01]} Rb2+ {[%emt 0:00:02]} 47. Ka1 {[%emt 0:00:05]} Re2+ {[%emt 0:00:06]} 48. Kb1 {[%emt 0:00:02]} Rxe4 {[%emt 0:00:02]} 49. Rh1 {[%emt 0:00:01]} Rxe6 {[%emt 0:00:05]} 50. Rxh3 {[%emt 0:00:02]} Bxf2 {[%emt 0:00:03]} 51. Rf3 {[%emt 0:00:02]} Bc5 {[%emt 0:00:02]} 52. Rf4 {[%emt 0:00:05]} Bd6 {[%emt 0:00:03]} 53. Rxa4 {[%emt 0:00:01]} Re3 {[%emt 0:00:03]} 54. Ra7+ {[%emt 0:00:02]} Kf6 {[%emt 0:00:01]} 55. a4 {[%emt 0:00:01]} Kg5 {[%emt 0:00:04]} 56. Rg7+ {[%emt 0:00:03]} Kf6 {[%emt 0:00:03]} 57. Ra7 {[%emt 0:00:03]} Bf4 {[%emt 0:00:02]} 58. a5 {[%emt 0:00:02]} Kg5 {[%emt 0:00:04]} 59. Rg7+ {[%emt 0:00:02]} Kh4 {[%emt 0:00:01]} 60. a6 {[%emt 0:00:03]} Ra3 {[%emt 0:00:02]} 61. Ra7 {[%emt 0:00:03]} Kxg4 {[%emt 0:00:04]} 62. Kb2 {[%emt 0:00:01]} Ra5 {[%emt 0:00:02]} 63. Kb3 {[%emt 0:00:02]} h5 {[%emt 0:00:02]} 64. Kb4 {[%emt 0:00:01]} Ra1 {[%emt 0:00:01]} 65. Rg7+ {[%emt 0:00:01]} Kh3 {[%emt 0:00:04]} 66. a7 {[%emt 0:00:01]} Be3 {[%emt 0:00:03]} 67. Rh7 {[%emt 0:00:06]} h4 {[%emt 0:00:02]} 68. Rd7 {[%emt 0:00:03]} Bxa7 {[%emt 0:00:04]} 69. Kc3 {[%emt 0:00:03]} Kg2 {[%emt 0:00:04]} 70. Rg7+ {[%emt 0:00:02]} Kh3 {[%emt 0:00:04]} 71. Kd3 {[%emt 0:00:01]} Bf2 {[%emt 0:00:02]} 72. Ke2 {[%emt 0:00:02]} Bg3 {[%emt 0:00:02]} 73. Rh7 {[%emt 0:00:04]} Ra2+ {[%emt 0:00:02]} 74. Kf3 {[%emt 0:00:02]} Rf2+ {[%emt 0:00:02]} 75. Ke3 {[%emt 0:00:01]} Kg2 {[%emt 0:00:02]} 76. Rg7 {[%emt 0:00:15]} Rf6 {[%emt 0:00:04]} 77. Rh7 {[%emt 0:00:03]} h3 {[%emt 0:00:01]} 0-1

[Event "Deutscher Jugend Online Cup 2020"]
[Site "Tornelo"]
[Date "2020.11.14"]
[Round "9.7"]
[White "Wartenberg, Alissa"]
[Black "Trunz, Michelle"]
[Result "1/2-1/2"]
[WhiteElo "1463"]
[BlackElo "1673"]
[Annotator "NA"]
[PlyCount "151"]
[EventDate "2020.11.13"]
[EventType "k.o."]
[SourceTitle "playchess.com"]
[Source "ChessBase"]
[SourceQuality "1"]
[TimeControl "600+3"]

1. e4 {[%emt 0:00:00]} c5 {[%emt 0:00:02]} 2. Nf3 {[%emt 0:00:03]} d6 {[%emt 0:00:02]} 3. d4 {[%emt 0:00:03]} cxd4 {[%emt 0:00:01]} 4. Nxd4 {[%emt 0:00:01]} Nf6 {[%emt 0:00:02]} 5. Nc3 {[%emt 0:00:05]} a6 {[%emt 0:00:01]} 6. Be3 {[%emt 0:00:07]} e5 {[%emt 0:00:03]} 7. Nb3 {[%emt 0:00:03]} Be6 {[%emt 0:00:02]} 8. f3 {[%emt 0:00:04]} Nbd7 {[%emt 0:00:08]} 9. Qd2 {[%emt 0:00:05]} Be7 {[%emt 0:00:06]} 10. Be2 {[%emt 0:00:03]} b5 {[%emt 0:00:15]} 11. f4 {[%emt 0:00:35]} exf4 {[%emt 0:00:10]} 12. Bxf4 {[%emt 0:00:03]} Nc5 {[%emt 0:00:44]} 13. Nxc5 {[%emt 0:00:08]} dxc5 {[%emt 0:00:06]} 14. Qe3 {[%emt 0:00:34]} Qa5 {[%emt 0:00:31]} 15. Qf3 {[%emt 0:01:38]} O-O {[%emt 0:00:43]} 16. Bd2 {[%emt 0:00:12]} b4 {[%emt 0:00:06]} 17. Nd5 {[%emt 0:00:45]} Bxd5 {[%emt 0:00:12]} 18. exd5 {[%emt 0:00:12]} Rad8 {[%emt 0:00:06]} 19. Bc4 {[%emt 0:00:50]} Rfe8 {[%emt 0:00:15]} 20. O-O {[%emt 0:00:08]} Bd6 {[%emt 0:00:39]} 21. Bg5 {[%emt 0:00:41]} Be5 {[%emt 0:00:08]} 22. Bxf6 {[%emt 0:00:28]} Bxf6 {[%emt 0:00:05]} 23. Rab1 {[%emt 0:00:12]} Qc7 {[%emt 0:00:19]} 24. Qg4 {[%emt 0:00:16]} Kh8 {[%emt 0:00:17]} 25. b3 {[%emt 0:00:18]} a5 {[%emt 0:00:23]} 26. Rbd1 {[%emt 0:00:12]} Qd6 {[%emt 0:00:27]} 27. Kh1 {[%emt 0:00:09]} Re7 {[%emt 0:00:20]} 28. Rde1 {[%emt 0:00:14]} Qd7 {[%emt 0:00:48]} 29. Qg3 {[%emt 0:00:29]} Rde8 {[%emt 0:00:36]} 30. Rxe7 {[%emt 0:00:10]} Rxe7 {[%emt 0:00:31]} 31. Qb8+ {[%emt 0:00:17]} Qe8 {[%emt 0:00:16]} 32. Qg3 {[%emt 0:00:29]} Be5 {[%emt 0:00:31]} 33. Qh4 {[%emt 0:00:12]} g6 {[%emt 0:01:00]} 34. Qf2 {[%emt 0:00:31]} Bd4 {[%emt 0:00:32]} 35. Qh4 {[%emt 0:00:19]} f5 {[%emt 0:00:24]} 36. d6 {[%emt 0:00:35]} Re4 {[%emt 0:00:10]} 37. Qg3 {[%emt 0:00:05]} Be5 {[%emt 0:00:08]} 38. Qd3 {[%emt 0:00:13]} Rd4 {[%emt 0:00:17]} 39. Qe2 {[%emt 0:00:05]} Re4 {[%emt 0:00:05]} 40. Qd3 {[%emt 0:00:05]} Qd7 {[%emt 0:00:07]} 41. Rd1 {[%emt 0:00:14]} Rd4 {[%emt 0:00:03]} 42. Qe2 {[%emt 0:00:01]} Rxd1+ {[%emt 0:00:02]} 43. Qxd1 {[%emt 0:00:01]} Qxd6 {[%emt 0:00:02]} 44. Qxd6 {[%emt 0:00:02]} Bxd6 {[%emt 0:00:01]} 45. g3 {[%emt 0:00:02]} Kg7 {[%emt 0:00:02]} 46. Kg2 {[%emt 0:00:01]} Kf6 {[%emt 0:00:05]} 47. Kf3 {[%emt 0:00:01]} Ke5 {[%emt 0:00:05]} 48. Bg8 {[%emt 0:00:03]} h6 {[%emt 0:00:01]} 49. Bh7 {[%emt 0:00:02]} g5 {[%emt 0:00:02]} 50. Bg8 {[%emt 0:00:02]} Kd4 {[%emt 0:00:02]} 51. Bc4 {[%emt 0:00:03]} f4 {[%emt 0:00:04]} 52. gxf4 {[%emt 0:00:04]} Bxf4 {[%emt 0:00:03]} 53. h3 {[%emt 0:00:03]} Kc3 {[%emt 0:00:03]} 54. Bd3 {[%emt 0:00:03]} Kb2 {[%emt 0:00:02]} 55. Ke4 {[%emt 0:00:02]} Kxa2 {[%emt 0:00:02]} 56. Kd5 {[%emt 0:00:02]} Be3 {[%emt 0:00:04]} 57. Kc4 {[%emt 0:00:05]} h5 {[%emt 0:00:18]} 58. Bf5 {[%emt 0:00:11]} Kb2 {[%emt 0:00:03]} 59. Kb5 {[%emt 0:00:03]} g4 {[%emt 0:00:01]} 60. hxg4 {[%emt 0:00:03]} hxg4 {[%emt 0:00:01]} 61. Bxg4 {[%emt 0:00:02]} Kxc2 {[%emt 0:00:02]} 62. Be6 {[%emt 0:00:01]} Kc3 {[%emt 0:00:01]} 63. Kxa5 {[%emt 0:00:03]} Bd4 {[%emt 0:00:03]} 64. Kb5 {[%emt 0:00:03]} Kd3 {[%emt 0:00:01]} 65. Ka5 {[%emt 0:00:08]} Kc3 {[%emt 0:00:02]} 66. Kb5 {[%emt 0:00:01]} Be3 {[%emt 0:00:02]} 67. Ka5 {[%emt 0:00:03]} Kd4 {[%emt 0:00:02]} 68. Kb5 {[%emt 0:00:01]} Ke5 {[%emt 0:00:01]} 69. Bc4 {[%emt 0:00:02]} Kd4 {[%emt 0:00:02]} 70. Kc6 {[%emt 0:00:02]} Kc3 {[%emt 0:00:02]} 71. Kd6 {[%emt 0:00:03]} Bd4 {[%emt 0:00:02]} 72. Ke6 {[%emt 0:00:02]} Bg1 {[%emt 0:00:01]} 73. Kf7 {[%emt 0:00:02]} Bd4 {[%emt 0:00:02]} 74. Ke6 {[%emt 0:00:01]} Kd2 {[%emt 0:00:01]} 75. Kf7 {[%emt 0:00:02]} Kc3 {[%emt 0:00:01]} 76. Ke6 {[%emt 0:00:02]} 1/2-1/2

[Event "Deutscher Jugend Online Cup 2020"]
[Site "Tornelo"]
[Date "2020.11.14"]
[Round "10.6"]
[White "Bakiev, Diyor"]
[Black "Albert, Markus"]
[Result "0-1"]
[WhiteElo "2119"]
[BlackElo "1926"]
[Annotator "TA"]
[PlyCount "122"]
[EventDate "2020.11.13"]
[EventType "k.o."]
[SourceTitle "playchess.com"]
[Source "ChessBase"]
[SourceQuality "1"]

{[%evp 9,122,19,4,8,11,1,12,-29,-32,-95,-95,-102,-96,-106,-36,-99,-72,-90,-70,-84,-47,-33,-27,-87,-76,-87,-75,-93,-91,-94,-85,-206,-223,-249,-270,-283,-278,-252,-200,-237,-195,-187,-197,-195,-189,-189,-181,-168,-145,-195,-44,-42,-18,-209,-205,-206,-207,-252,-272,-274,-268,-248,-216,-204,-205,-209,-201,-301,-294,-440,-432,-386,-365,-474,-390,-370,-157,-163,-110,-111,-133,-121,0,0,0,-16,-27,-2214,-2198,-2113,-1998,-29983,-29984,-29987,-29988,-29988,-29989,-29990,-29991,-29994,-29993,-29993,-29994,-29994,-29984,-29984,-29983,-29985,-29986,-29986,-29984,-29985,-29978,-5297,-2066]} 1. b3 e5 2. Bb2 Nc6 3. e3 Nf6 4. Bb5 Qe7 5. Ne2 a6 6. Bxc6 {A01: Nimzowitsch-Larsen Opening.} dxc6 7. O-O Bf5 {[#]} 8. c4 $146 {The position is equal.} ({Predecessor:} 8. Ng3 Bg4 9. f3 Bd7 10. d4 exd4 11. Qxd4 h5 12. Na3 Qc5 13. Nc4 Be6 14. Rad1 {0-1 (66) Pedersen,S (2161)-Ruokokoski,H (2217) ICCF email 2017}) 8... O-O-O 9. Nbc3 (9. d4 $15) 9... h5 $17 10. f4 {With the idea fxe5.} Ng4 {...Qh4 is the strong threat.} 11. Qe1 exf4 ({Better is} 11... g5 $17 12. e4 Bh7) 12. Rxf4 ({White should play} 12. Nxf4 $15 Rh6 13. h3) 12... Bg6 13. h3 Ne5 {And now ...Nd3 would win.} 14. Nc1 $1 Nd3 15. Nxd3 Rxd3 16. Nd1 (16. Ne2 $11 {remains equal.}) 16... Qe6 17. Nf2 Rd7 18. d4 Bd6 19. Rf3 h4 20. c5 (20. e4 $17 {keeps fighting.}) 20... Bg3 $19 21. Qf1 Bh5 22. Ng4 Bxg4 23. hxg4 f6 24. Qd3 Qxg4 25. Qf5 Qxf5 26. Rxf5 Re7 27. Rf3 Rhe8 28. Bc1 Be1 29. a3 Bc3 $2 (29... Re4 $19 30. Rf1 Bg3) 30. Ra2 $15 Re4 31. Rc2 $2 (31. Kf2 $1 $11) 31... Be1 $19 32. Kf1 Bg3 33. b4 Kd7 34. Bd2 Ke6 35. Ke2 g6 36. Kd3 f5 37. Rc1 Kd5 38. Rcf1 {[#]} (38. Kc3 $142) 38... f4 $1 {[%mdl 576] Deflection} 39. exf4 (39. Ra1 {was worth a try.}) 39... Rxd4+ 40. Kc3 Re2 $1 {[%csl LRd2,LRg2][%mdl 64] Double Attack} 41. Be3 Rc4+ 42. Kb3 {Hoping for Rd1+.} Rcc2 (42... Re4 $19 43. Bf2 Bxf2 44. R1xf2 R4e3+ 45. Rxe3 Rxe3+ 46. Ka4 Ke4) 43. f5 $17 gxf5 ({Weaker is} 43... Rxg2 44. f6 $14) ({Black should try} 43... Rb2+ $19 44. Ka4 gxf5) 44. Rxf5+ Ke4 45. Bg5 Ra2 (45... b5 $17 {( -> ...Rb2+)} 46. cxb6 cxb6) 46. Rf7 $11 Reb2+ ({Worse is} 46... Rxg2 47. Re7+ Be5 48. Bf4 $18) 47. Ka4 {Threatening Re7+.} Rxg2 {Threatens to win with ...Raf2.} 48. Re1+ $2 {[%mdl 8192]} (48. R1f3 $11 Rae2 {[#]} 49. Bxh4 $1 {[%mdl 512]}) 48... Bxe1 $19 49. Rxc7 h3 50. Rxb7 h2 51. Re7+ Kd5 52. Rxe1 {[%mdl 4096] Endgame KRR-KRB} Rg1 53. Re8 h1=Q 54. Bf4 Qh7 55. Rd8+ Kc4 56. Be5 Qc2+ 57. Ka5 Rxa3+ 58. Kb6 Qa4 59. Rd4+ Kb3 60. Kc7 Re1 61. Bf6 Re6 {Weighted Error Value: White=0.44/Black=0.26} 0-1

[Event "Deutscher Jugend Online Cup 2020"]
[Site "Tornelo"]
[Date "2020.11.14"]
[Round "10.6"]
[White "Trunz, Michelle"]
[Black "Wartenberg, Alissa"]
[Result "1-0"]
[WhiteElo "1673"]
[BlackElo "1463"]
[Annotator "NA RC"]
[PlyCount "149"]
[EventDate "2020.11.13"]
[EventType "k.o."]
[SourceTitle "playchess.com"]
[Source "ChessBase"]
[SourceQuality "1"]
[TimeControl "600+3"]

1. d4 {[%emt 0:00:00]} d5 {[%emt 0:00:04]} 2. c4 {[%emt 0:00:02]} c6 {[%emt 0:00:02]} 3. cxd5 {[%emt 0:00:03]} cxd5 {[%emt 0:00:02]} 4. Nc3 {[%emt 0:00:01]} Nf6 {[%emt 0:00:03]} 5. Nf3 {[%emt 0:00:02]} e6 {[%emt 0:00:04]} 6. Bf4 {[%emt 0:00:09]} Nc6 {[%emt 0:00:06]} 7. e3 {[%emt 0:00:02]} Bb4 {[%emt 0:00:20]} 8. Bb5 {[%emt 0:00:26]} Qb6 {[%emt 0:00:41]} 9. Qa4 {[%emt 0:00:20]} Bxc3+ {[%emt 0:00:35]} 10. bxc3 {[%emt 0:00:05]} O-O {[%emt 0:00:30]} 11. Bxc6 {[%emt 0:00:05]} Qxc6 {[%emt 0:00:18]} 12. Qxc6 {[%emt 0:00:08]} bxc6 {[%emt 0:00:02]} 13. Ne5 {[%emt 0:00:24]} Bd7 {[%emt 0:00:25]} 14. Ke2 {[%emt 0:00:27]} a5 {[%emt 0:00:53]} 15. Rab1 {[%emt 0:00:10]} Rac8 {[%emt 0:00:15]} 16. Rb7 {[%emt 0:00:14]} Rfd8 {[%emt 0:00:29]} 17. Bg5 {[%emt 0:00:22]} Be8 {[%emt 0:00:26]} 18. f3 {[%emt 0:00:13]} h6 {[%emt 0:00:23]} 19. Bxf6 {[%emt 0:00:04]} gxf6 {[%emt 0:00:03]} 20. Ng4 {[%emt 0:00:02]} Kg7 {[%emt 0:00:03]} 21. Rhb1 {[%emt 0:00:20]} c5 {[%emt 0:00:21]} 22. Kd3 {[%emt 0:00:23]} cxd4 {[%emt 0:00:10]} 23. cxd4 {[%emt 0:00:27]} Rc4 {[%emt 0:00:22]} 24. Rb8 {[%emt 0:00:28]} Rxb8 {[%emt 0:00:08]} 25. Rxb8 {[%emt 0:00:02]} Ba4 {[%emt 0:00:09]} 26. Rb2 {[%emt 0:00:02]} Rc1 {[%emt 0:00:27]} 27. Ke2 {[%emt 0:00:35]} Rc2+ {[%emt 0:00:17]} 28. Rxc2 {[%emt 0:00:04]} Bxc2 {[%emt 0:00:02]} 29. Kd2 {[%emt 0:00:02]} Ba4 {[%emt 0:00:12]} 30. Kc3 {[%emt 0:00:05]} Bb5 {[%emt 0:00:05]} 31. Nf2 {[%emt 0:00:09]} Bc4 {[%emt 0:00:10]} 32. a3 {[%emt 0:00:03]} e5 {[%emt 0:00:15]} 33. Nd1 {[%emt 0:00:15]} Bf1 {[%emt 0:00:21]} 34. g3 {[%emt 0:00:07]} Be2 {[%emt 0:00:03]} 35. Nb2 {[%emt 0:00:12]} Bxf3 {[%emt 0:00:09]} 36. Nd3 {[%emt 0:00:09]} e4 {[%emt 0:00:23]} 37. Nf4 {[%emt 0:00:08]} Bg4 {[%emt 0:00:08]} 38. Nxd5 {[%emt 0:00:03]} Bd7 {[%emt 0:00:06]} 39. Nf4 {[%emt 0:00:11]} f5 {[%emt 0:00:09]} 40. Kc4 {[%emt 0:00:05]} Kf6 {[%emt 0:00:07]} 41. h4 {[%emt 0:00:15]} Ke7 {[%emt 0:00:17]} 42. Kc5 {[%emt 0:00:07]} Kd8 {[%emt 0:00:14]} 43. Kd6 {[%emt 0:00:04]} Ke8 {[%emt 0:00:27]} 44. Nd5 {[%emt 0:00:08]} Ba4 {[%emt 0:00:21]} 45. Ne7 {[%emt 0:00:25]} Bd7 {[%emt 0:00:21]} 46. Ng8 {[%emt 0:00:04]} Be6 {[%emt 0:00:24]} 47. Nf6+ {[%emt 0:00:09]} Kf8 {[%emt 0:00:08]} 48. d5 {[%emt 0:00:05]} Bc8 {[%emt 0:00:03]} 49. Nd7+ {[%emt 0:00:07]} Ke8 {[%emt 0:00:07]} 50. Nc5 {[%emt 0:00:07]} Kd8 {[%emt 0:00:08]} 51. Nb3 {[%emt 0:00:06]} a4 {[%emt 0:00:03]} 52. Nc5 {[%emt 0:00:02]} Ke8 {[%emt 0:00:06]} 53. Nxa4 {[%emt 0:00:02]} Bd7 {[%emt 0:00:02]} 54. Nc5 {[%emt 0:00:02]} Bb5 {[%emt 0:00:01]} 55. a4 {[%emt 0:00:02]} Be2 {[%emt 0:00:04]} 56. a5 {[%emt 0:00:02]} Kd8 {[%emt 0:00:03]} 57. Kc6 {[%emt 0:00:06]} Kc8 {[%emt 0:00:03]} 58. d6 {[%emt 0:00:01]} Bc4 {[%emt 0:00:03]} 59. a6 {[%emt 0:00:07]} Bxa6 {[%emt 0:00:03]} 60. Nxa6 {[%emt 0:00:03]} Kd8 {[%emt 0:00:02]} 61. Nc5 {[%emt 0:00:02]} Kc8 {[%emt 0:00:03]} 62. d7+ {[%emt 0:00:02]} Kd8 {[%emt 0:00:03]} 63. Nb3 {[%emt 0:00:02]} f6 {[%emt 0:00:04]} 64. Nd4 {[%emt 0:00:04]} Ke7 {[%emt 0:00:03]} 65. Kc7 {[%emt 0:00:03]} Kf7 {[%emt 0:00:03]} 66. d8=Q {[%emt 0:00:05]} Kg6 {[%emt 0:00:02]} 67. Qe8+ {[%emt 0:00:03]} Kh7 {[%emt 0:00:03]} 68. Qf7+ {[%emt 0:00:02]} Kh8 {[%emt 0:00:02]} 69. Qxf6+ {[%emt 0:00:02]} Kg8 {[%emt 0:00:03]} 70. Qg6+ {[%emt 0:00:03]} Kh8 {[%emt 0:00:03]} 71. Qxh6+ {[%emt 0:00:02]} Kg8 {[%emt 0:00:01]} 72. Ne6 {[%emt 0:00:07]} Kf7 {[%emt 0:00:05]} 73. Kd6 {[%emt 0:00:03]} f4 {[%emt 0:00:04]} 74. Qg7+ {[%emt 0:00:02]} Ke8 {[%emt 0:00:02]} 75. Qf8# {[%emt 0:00:02]} 1-0

[Event "Deutscher Jugend Online Cup 2020"]
[Site "Tornelo"]
[Date "2020.11.14"]
[Round "10.7"]
[White "Bildat, Emilia"]
[Black "Becker, Linda"]
[Result "0-1"]
[WhiteElo "1852"]
[BlackElo "1763"]
[Annotator "NA"]
[PlyCount "50"]
[EventDate "2020.11.13"]
[EventType "k.o."]
[SourceTitle "playchess.com"]
[Source "ChessBase"]
[SourceQuality "1"]
[TimeControl "600+3"]

{[%evp 22,50,92,54,32767,36,64,67,71,57,68,60,69,59,40,-9,13,-5,-16,0,-16,-81,-81,-367,-387,-831,-927,-3225,-1094,-29996,-2723]} 1. c4 {[%emt 0:00:00]} e5 {[%emt 0:00:05]} 2. g3 {[%emt 0:00:02]} Nc6 {[%emt 0:00:03]} 3. Bg2 {[%emt 0:00:02]} f5 {[%emt 0:00:02]} 4. Nc3 {[%emt 0:00:02]} Nf6 {[%emt 0:00:05]} 5. d3 {[%emt 0:00:13]} Bb4 {[%emt 0:00:04]} 6. Bd2 {[%emt 0:00:02]} Bxc3 {[%emt 0:00:04]} 7. Bxc3 {[%emt 0:00:02]} d6 {[%emt 0:00:06]} 8. e3 {[%emt 0:00:04]} O-O {[%emt 0:00:02]} 9. Ne2 {[%emt 0:00:02]} Qe8 {[%emt 0:00:02]} 10. O-O {[%emt 0:00:09]} Kh8 {[%emt 0:00:02]} 11. b4 {[%emt 0:00:06]} Rb8 {[%emt 0:00:11]} 12. a4 {[%emt 0:00:07]} Bd7 {[%emt 0:00:02]} 13. a5 {[%emt 0:00:23]} Qh5 {[%emt 0:00:10]} 14. b5 {[%emt 0:00:30]} Nd8 {[%emt 0:00:07]} 15. d4 {[%emt 0:00:46]} Nf7 {[%emt 0:00:30]} 16. Bb4 {[%emt 0:00:54]} Rfe8 {[%emt 0:00:20]} 17. Nc3 {[%emt 0:00:32]} Qh6 {[%emt 0:00:24]} 18. c5 {[%emt 0:00:11]} (18. Nd5 $14) 18... dxc5 {[%emt 0:00:43]} 19. dxc5 {[%emt 0:00:12]} Ng4 {[%emt 0:00:14]} 20. h3 {[%emt 0:00:10]} Nf6 {[%emt 0:00:08]} 21. Qe2 {[%emt 0:00:23]} (21. f4 $11 {remains equal.}) 21... f4 {[%emt 0:00:08]} 22. Rfd1 $2 {[%emt 0:00:28]} (22. h4 $1 $15) 22... Bxh3 {[%emt 0:00:12]} 23. Rd2 {[%emt 0:00:42]} (23. Bxh3 $142 Qxh3 24. Qf1) 23... Ng5 {[%emt 0:00:28]} 24. Qf1 {[%emt 0:00:47] [#]} Nf3+ $19 {[%emt 0:00:37]} 25. Kh1 {[%emt 0:00:14]} Nxd2 {[%emt 0:00:08]} (25... Bg4+ $142 26. Bh3 Bxh3 27. Qg2 Bg4+ 28. Qh3 Qxh3#) 0-1